000 01140nam2a22002291 4500
001 rc\2152077
005 20250623003327.0
035 _a(NLR Aleph) 006493087
090 _a6153130
_c6153130
100 _a20110829d1978 |||y0rusy50 ca
101 0 _arus
102 _aRU
105 _ay z |||||
200 0 _aТ. 2
210 _d1978
_aБ. м.
215 _a270 с.
461 0 _1001rc\2152075
_12001#$aСистематический указатель по МКИ номеров заявок и патентов ФРГ за 1976 г.$e[В 3-х т.]$fГос. ком. Совета Министров СССР по делам изобретений и открытий, ЦНИИПИ$vТ. 2
_96153114
_cМосква
_d1978
_fГос. ком. Совета Министров СССР по делам изобретений и открытий, ЦНИИПИ
_nЦНИИПИ
_o[В 3-х т.]
_tСистематический указатель по МКИ номеров заявок и патентов ФРГ за 1976 г.
_vТ. 2
801 0 _aRU
_bNLR
_gpsbo
801 1 _aRU
_bELAR
_2rusmarc
852 _aNLR
_jПт 10.22/293
942 _cBOOK
980 _aNB